| 000 | 00744nam a2200229 a 4500 | ||
|---|---|---|---|
| 001 | 86468 | ||
| 003 | BD-RjUL | ||
| 005 | 20260513121326.0 | ||
| 008 | 260513s2025 bg ||||| |||| 00| 0 ben d | ||
| 020 | _a9789848950968 | ||
| 035 | _a(BD-RjUL)86468 | ||
| 040 |
_aBD-RjUL _beng _cBD-RjUL |
||
| 041 | _aben | ||
| 082 |
_223 _a891.441 _bMOS 2025 |
||
| 100 |
_aমৌসুম, মাহমুদ _918451 |
||
| 245 |
_a৩৬শে জুলাইয়ের কবিতা / _cমাহমুদ মৌসুম |
||
| 260 |
_aঢাকা : _bগতিধারা, _c২০২৫ |
||
| 300 |
_a৮০ পৃ.; _c১৮ সেমি. |
||
| 650 |
_aবাংলা কবিতা _918372 |
||
| 650 |
_aBengali poetry _918373 |
||
| 942 |
_2ddc _cBK |
||
| 999 |
_c86468 _d86468 |
||